مكتبة جامعة عجلون الوطنية

فهرس بحث المكتبة

Normal view MARC view
  • تنفيذ أحكام -- قوانين -- العراق

Entry Topical Term

Number of records used in: 1

001 - CONTROL NUMBER

  • control field: 47073

003 - CONTROL NUMBER IDENTIFIER

  • control field: JO-AjAnu

005 - DATE AND TIME OF LATEST TRANSACTION

  • control field: 20230606081756.0

008 - FIXED-LENGTH DATA ELEMENTS

  • fixed length control field: 230606|| aca||aabn | a|a d

040 ## - CATALOGING SOURCE

  • Original cataloging agency: JO-AjAnu
  • Transcribing agency: JO-AjAnu

150 ## - HEADING--TOPICAL TERM

  • Topical term or geographic name entry element: تنفيذ أحكام -- قوانين -- العراق

670 ## - SOURCE DATA FOUND

  • Source citation: Work cat.: (JO-AjAnu)24091: تأليف المالكي، عبد الكاظم فارس مؤلف ، م . مشارك جبار صابر , author 47072, أحكام قانون التنفيذ رقم 54 لسنة 1980